[Event "DEM U14 2025"]
[Site "Willingen GER"]
[Date "2025.06.12"]
[Round "7"]
[White "Zimmer, Tim"]
[Black "Zhang, Yibo"]
[Result "0-1"]
[Termination "normal"]
[Board "7"]
[WhiteElo "1866"]
[BlackElo "2014"]
[WhiteClock "00:02:04"]
[BlackClock "00:01:39"]
[PlyCount "133"]
[WhiteFideId "34603115"]
[BlackFideId "16287657"]
[EventCountry "GER"]
[EventRounds "9"]
[EventType "swiss"]
[EventDate "2025.06.07"]

1. e4 {[%clk 01:30:58]} e5 {[%clk 01:30:26]} {[%emt 00:00:34]} 2. Nf3 {[%clk
01:31:20]} {[%emt 00:00:08]} Nc6 {[%clk 01:30:53]} {[%emt 00:00:03]} 3. Bc4
{[%clk 01:31:41]} {[%emt 00:00:10]} Bc5 {[%clk 01:31:19]} {[%emt 00:00:04]} 4.
c3 {[%clk 01:32:02]} {[%emt 00:00:08]} Nf6 {[%clk 01:31:44]} {[%emt 00:00:06]}
5. d3 {[%clk 01:32:24]} {[%emt 00:00:07]} a6 {[%clk 01:31:47]} {[%emt
00:00:29]} 6. O-O {[%clk 01:32:16]} {[%emt 00:00:37]} d6 {[%clk 01:32:10]}
{[%emt 00:00:07]} 7. a4 {[%clk 01:32:28]} {[%emt 00:00:17]} Ba7 {[%clk
01:32:19]} {[%emt 00:00:22]} 8. h3 {[%clk 01:31:55]} {[%emt 00:01:01]} O-O
{[%clk 01:30:44]} {[%emt 00:02:07]} 9. Re1 {[%clk 01:31:17]} {[%emt 00:01:07]}
Be6 {[%clk 01:26:33]} {[%emt 00:04:42]} 10. Nbd2 {[%clk 01:29:41]} {[%emt
00:02:06]} h6 {[%clk 01:13:55]} {[%emt 00:13:08]} 11. b4 {[%clk 01:24:16]}
{[%emt 00:05:55]} Nh5 {[%clk 01:08:44]} {[%emt 00:05:41]} 12. Nf1 {[%clk
01:11:43]} {[%emt 00:13:02]} Bxc4 {[%clk 01:00:41]} {[%emt 00:08:33]} 13. dxc4
{[%clk 01:12:10]} {[%emt 00:00:03]} Nf4 {[%clk 00:55:16]} {[%emt 00:05:56]} 14.
Be3 {[%clk 01:01:59]} {[%emt 00:10:40]} Ne7 {[%clk 00:46:19]} {[%emt 00:09:27]}
15. Bxa7 {[%clk 00:59:37]} {[%emt 00:02:52]} Rxa7 {[%clk 00:46:48]} {[%emt
00:00:02]} 16. Ne3 {[%clk 00:59:11]} {[%emt 00:00:55]} Ra8 {[%clk 00:36:41]}
{[%emt 00:10:38]} 17. Nd5 {[%clk 00:50:57]} {[%emt 00:08:43]} Neg6 {[%clk
00:36:41]} {[%emt 00:00:31]} 18. c5 {[%clk 00:34:32]} {[%emt 00:16:54]} dxc5
{[%clk 00:31:42]} {[%emt 00:05:29]} 19. Nxf4 {[%clk 00:33:38]} {[%emt
00:01:24]} Nxf4 {[%clk 00:28:26]} {[%emt 00:03:47]} 20. Qb3 {[%clk 00:25:48]}
{[%emt 00:08:17]} cxb4 {[%clk 00:26:46]} {[%emt 00:02:13]} 21. Nxe5 {[%clk
00:20:57]} {[%emt 00:05:20]} Qf6 {[%clk 00:17:48]} {[%emt 00:09:29]} 22. Nd7
{[%clk 00:14:56]} {[%emt 00:06:30]} Qg5 {[%clk 00:17:55]} {[%emt 00:00:23]} 23.
g3 {[%clk 00:13:45]} {[%emt 00:01:41]} Nxh3+ {[%clk 00:17:39]} {[%emt
00:00:47]} 24. Kg2 {[%clk 00:11:37]} {[%emt 00:02:37]} Nf4+ {[%clk 00:14:45]}
{[%emt 00:03:25]} 25. Kf1 {[%clk 00:10:33]} {[%emt 00:01:33]} Qg4 {[%clk
00:14:53]} {[%emt 00:00:22]} 26. gxf4 {[%clk 00:08:30]} {[%emt 00:02:33]} Qxd7
{[%clk 00:12:45]} {[%emt 00:02:38]} 27. cxb4 {[%clk 00:08:48]} {[%emt
00:00:12]} Rad8 {[%clk 00:09:37]} {[%emt 00:03:38]} 28. Rad1 {[%clk 00:07:37]}
{[%emt 00:01:41]} Qg4 {[%clk 00:08:57]} {[%emt 00:01:10]} 29. Qg3 {[%clk
00:07:20]} {[%emt 00:00:46]} Qh5 {[%clk 00:08:39]} {[%emt 00:00:49]} 30. f3
{[%clk 00:05:58]} {[%emt 00:01:52]} a5 {[%clk 00:07:22]} {[%emt 00:01:48]} 31.
b5 {[%clk 00:05:30]} {[%emt 00:00:58]} Qc5 {[%clk 00:05:01]} {[%emt 00:02:50]}
32. Rc1 {[%clk 00:05:44]} {[%emt 00:00:16]} Qd6 {[%clk 00:04:05]} {[%emt
00:01:27]} 33. e5 {[%clk 00:03:32]} {[%emt 00:02:41]} Qd3+ {[%clk 00:03:23]}
{[%emt 00:01:12]} 34. Kg2 {[%clk 00:03:41]} {[%emt 00:00:20]} Rd7 {[%clk
00:02:36]} {[%emt 00:01:18]} 35. Qg4 {[%clk 00:02:54]} {[%emt 00:01:15]} Kh7
{[%clk 00:01:21]} {[%emt 00:01:47]} 36. Kg3 {[%clk 00:01:59]} {[%emt 00:01:24]}
Qg6 {[%clk 00:00:46]} {[%emt 00:01:05]} 37. Qxg6+ {[%clk 00:01:06]} {[%emt
00:01:25]} Kxg6 {[%clk 00:01:11]} {[%emt 00:00:05]} 38. e6 {[%clk 00:01:00]}
{[%emt 00:00:35]} fxe6 {[%clk 00:00:38]} {[%emt 00:01:03]} 39. Rxe6+ {[%clk
00:01:25]} {[%emt 00:00:05]} Rf6 {[%clk 00:00:42]} {[%emt 00:00:26]} 40. Rxf6+
{[%clk 00:01:29]} {[%emt 00:00:26]} Kxf6 {[%clk 00:00:47]} {[%emt 00:00:25]}
41. Rc4 {[%clk 00:26:50]} {[%emt 00:05:07]} Ke6 {[%clk 00:28:31]} {[%emt
00:02:47]} 42. Kg4 {[%clk 00:23:31]} {[%emt 00:03:50]} Kd5 {[%clk 00:26:18]}
{[%emt 00:02:42]} 43. Rc3 {[%clk 00:21:51]} {[%emt 00:02:09]} Re7 {[%clk
00:14:13]} {[%emt 00:12:38]} 44. Rc1 {[%clk 00:06:15]} {[%emt 00:16:06]} c5
{[%clk 00:13:41]} {[%emt 00:01:02]} 45. bxc6 {[%clk 00:06:33]} {[%emt
00:00:12]} bxc6 {[%clk 00:14:02]} {[%emt 00:00:09]} 46. Rd1+ {[%clk 00:06:28]}
{[%emt 00:00:34]} Kc5 {[%clk 00:08:27]} {[%emt 00:06:06]} 47. Rc1+ {[%clk
00:06:51]} {[%emt 00:00:07]} Kb6 {[%clk 00:08:15]} {[%emt 00:00:42]} 48. Rb1+
{[%clk 00:06:55]} {[%emt 00:00:23]} Ka6 {[%clk 00:08:17]} {[%emt 00:00:31]} 49.
Rc1 {[%clk 00:04:45]} {[%emt 00:02:39]} Rc7 {[%clk 00:08:04]} {[%emt 00:00:44]}
50. Kf5 {[%clk 00:04:01]} {[%emt 00:01:13]} c5 {[%clk 00:03:53]} {[%emt
00:04:42]} 51. Rc4 {[%clk 00:02:48]} {[%emt 00:01:42]} Kb6 {[%clk 00:03:55]}
{[%emt 00:00:28]} 52. Ke6 {[%clk 00:02:25]} {[%emt 00:00:52]} Kc6 {[%clk
00:04:20]} {[%emt 00:00:06]} 53. f5 {[%clk 00:02:33]} {[%emt 00:00:22]} Rb7
{[%clk 00:02:23]} {[%emt 00:02:28]} 54. Re4 {[%clk 00:02:35]} {[%emt 00:00:26]}
h5 {[%clk 00:01:34]} {[%emt 00:01:21]} 55. Rh4 {[%clk 00:02:44]} {[%emt
00:00:20]} Rb3 {[%clk 00:00:37]} {[%emt 00:01:28]} 56. Rxh5 {[%clk 00:02:22]}
{[%emt 00:00:51]} Rxf3 {[%clk 00:00:59]} {[%emt 00:00:07]} 57. Kf7 {[%clk
00:00:51]} {[%emt 00:02:02]} Rg3 {[%clk 00:01:07]} {[%emt 00:00:23]} 58. Ke6
{[%clk 00:00:39]} {[%emt 00:00:40]} c4 {[%clk 00:00:34]} {[%emt 00:01:05]} 59.
f6 {[%clk 00:00:42]} {[%emt 00:00:26]} Re3 {[%clk 00:00:35]} {[%emt 00:00:29]}
60. Kf7 {[%clk 00:00:49]} {[%emt 00:00:23]} gxf6 {[%clk 00:00:55]} {[%emt
00:00:11]} 61. Rxa5 {[%clk 00:00:34]} {[%emt 00:00:45]} c3 {[%clk 00:01:02]}
{[%emt 00:00:22]} 62. Ra6+ {[%clk 00:00:55]} {[%emt 00:00:08]} Kc5 {[%clk
00:01:07]} {[%emt 00:00:27]} 63. Rxf6 {[%clk 00:01:11]} {[%emt 00:00:14]} c2
{[%clk 00:01:21]} {[%emt 00:00:16]} 64. Rf1 {[%clk 00:01:34]} {[%emt 00:00:07]}
Kb4 {[%clk 00:01:13]} {[%emt 00:00:38]} 65. a5 {[%clk 00:01:46]} {[%emt
00:00:17]} Kxa5 {[%clk 00:01:25]} {[%emt 00:00:18]} 66. Kf6 {[%clk 00:01:44]}
{[%emt 00:00:31]} Kb4 {[%clk 00:01:39]} {[%emt 00:00:18]} 67. Kf5 {[%clk
00:02:04]} {[%emt 00:00:07]} Kb3 {[%clk 00:01:48]} {[%emt 00:00:23]} 68. Kf4
{[%clk 00:02:28]} {[%emt 00:00:06]} Rc3 {[%clk 00:01:56]} {[%emt 00:00:22]} 69.
Rc1 {[%clk 00:02:37]} {[%emt 00:00:20]} Kb2 {[%clk 00:02:21]} {[%emt 00:00:05]}
0-1

[Event "DEM U14 2025"]
[Site "Willingen GER"]
[Date "2025.06.12"]
[Round "7"]
[White "Stehning, Toni"]
[Black "Dodul, Arthur"]
[Result "0-1"]
[Termination "normal"]
[Board "8"]
[WhiteElo "1873"]
[BlackElo "1926"]
[WhiteClock "00:40:45"]
[BlackClock "00:59:08"]
[PlyCount "50"]
[WhiteFideId "34623477"]
[BlackFideId "34609016"]
[EventCountry "GER"]
[EventRounds "9"]
[EventType "swiss"]
[EventDate "2025.06.07"]

1. e4 {[%clk 01:30:31]} {[%emt 00:00:29]} e5 {[%clk 01:30:50]} {[%emt
00:00:10]} 2. Nf3 {[%clk 01:30:55]} {[%emt 00:00:06]} Nc6 {[%clk 01:31:16]}
{[%emt 00:00:05]} 3. Bc4 {[%clk 01:31:20]} {[%emt 00:00:05]} Nf6 {[%clk
01:31:41]} {[%emt 00:00:05]} 4. d3 {[%clk 01:31:46]} {[%emt 00:00:04]} Be7
{[%clk 01:31:59]} {[%emt 00:00:12]} 5. O-O {[%clk 01:31:46]} {[%emt 00:00:29]}
O-O {[%clk 01:32:18]} {[%emt 00:00:11]} 6. a4 {[%clk 01:30:22]} {[%emt
00:01:54]} d5 {[%clk 01:27:10]} {[%emt 00:05:39]} 7. exd5 {[%clk 01:27:48]}
{[%emt 00:03:04]} Nxd5 {[%clk 01:27:07]} {[%emt 00:00:32]} 8. Re1 {[%clk
01:26:32]} {[%emt 00:01:46]} Nb6 {[%clk 01:18:30]} {[%emt 00:09:07]} 9. Bb3
{[%clk 01:25:45]} {[%emt 00:01:18]} Bg4 {[%clk 01:18:11]} {[%emt 00:00:48]} 10.
h3 {[%clk 01:24:04]} {[%emt 00:02:12]} Bxf3 {[%clk 01:18:22]} {[%emt 00:00:18]}
11. Qxf3 {[%clk 01:22:52]} {[%emt 00:01:42]} Nd4 {[%clk 01:09:21]} {[%emt
00:09:31]} 12. Qxb7 {[%clk 01:21:01]} {[%emt 00:02:20]} Nxb3 {[%clk 01:09:49]}
{[%emt 00:00:04]} 13. cxb3 {[%clk 01:21:01]} {[%emt 00:00:30]} Qxd3 {[%clk
01:09:11]} {[%emt 00:01:07]} 14. Qxc7 {[%clk 01:20:57]} {[%emt 00:00:35]} Bb4
{[%clk 01:09:09]} {[%emt 00:00:31]} 15. Bd2 {[%clk 01:00:51]} {[%emt 00:20:36]}
Bxd2 {[%clk 01:08:17]} {[%emt 00:01:23]} 16. Rd1 {[%clk 01:01:11]} {[%emt
00:00:09]} Rfc8 {[%clk 01:06:55]} {[%emt 00:01:52]} 17. Qxe5 {[%clk 00:44:23]}
{[%emt 00:17:19]} Bf4 {[%clk 01:04:11]} {[%emt 00:03:13]} 18. Qh5 {[%clk
00:43:13]} {[%emt 00:01:40]} Qxb3 {[%clk 01:01:06]} {[%emt 00:03:35]} 19. Nc3
{[%clk 00:42:35]} {[%emt 00:01:08]} Qxb2 {[%clk 01:00:33]} {[%emt 00:01:03]}
20. a5 {[%clk 00:42:27]} {[%emt 00:00:38]} Qxc3 {[%clk 00:59:27]} {[%emt
00:01:35]} 21. axb6 {[%clk 00:42:06]} {[%emt 00:00:51]} axb6 {[%clk 00:59:51]}
{[%emt 00:00:06]} 22. Rxa8 {[%clk 00:42:16]} {[%emt 00:00:21]} Rxa8 {[%clk
01:00:10]} {[%emt 00:00:11]} 23. Qf5 {[%clk 00:42:09]} {[%emt 00:00:37]} Qf6
{[%clk 00:59:22]} {[%emt 00:01:17]} 24. Qe4 {[%clk 00:41:45]} {[%emt 00:00:54]}
Rf8 {[%clk 00:59:16]} {[%emt 00:00:36]} 25. Rd4 {[%clk 00:40:45]} {[%emt
00:01:31]} Bb8 {[%clk 00:59:08]} {[%emt 00:00:37]} 0-1

[Event "DEM U14 2025"]
[Site "Willingen GER"]
[Date "2025.06.12"]
[Round "7"]
[White "Bundan, Edward"]
[Black "Schröder, Hannes Artur"]
[Result "1-0"]
[Termination "normal"]
[Board "9"]
[WhiteElo "2038"]
[BlackElo "1705"]
[WhiteClock "00:40:28"]
[BlackClock "00:01:16"]
[PlyCount "119"]
[WhiteFideId "34603042"]
[BlackFideId "34608818"]
[EventCountry "GER"]
[EventRounds "9"]
[EventType "swiss"]
[EventDate "2025.06.07"]

1. d4 {[%clk 01:30:56]} {[%emt 00:00:03]} d5 {[%clk 01:30:55]} {[%emt
00:00:06]} 2. c4 {[%clk 01:31:19]} {[%emt 00:00:07]} e6 {[%clk 01:31:22]}
{[%emt 00:00:03]} 3. Nc3 {[%clk 01:31:42]} {[%emt 00:00:07]} c6 {[%clk
01:31:20]} {[%emt 00:00:32]} 4. e4 {[%clk 01:32:06]} {[%emt 00:00:06]} Nf6
{[%clk 01:25:47]} {[%emt 00:06:03]} 5. cxd5 {[%clk 01:32:14]} {[%emt 00:00:23]}
exd5 {[%clk 01:23:52]} {[%emt 00:02:24]} 6. e5 {[%clk 01:32:18]} {[%emt
00:00:26]} Ng8 {[%clk 01:17:58]} {[%emt 00:06:24]} 7. Bd3 {[%clk 01:28:51]}
{[%emt 00:03:57]} Ne7 {[%clk 01:14:12]} {[%emt 00:04:16]} 8. Qc2 {[%clk
01:21:05]} {[%emt 00:08:15]} g6 {[%clk 01:09:38]} {[%emt 00:05:05]} 9. Bg5
{[%clk 01:19:41]} {[%emt 00:01:53]} Nd7 {[%clk 01:05:45]} {[%emt 00:04:24]} 10.
O-O-O {[%clk 01:14:56]} {[%emt 00:05:13]} Bg7 {[%clk 01:03:40]} {[%emt
00:02:37]} 11. f4 {[%clk 01:14:25]} {[%emt 00:01:01]} f5 {[%clk 00:55:51]}
{[%emt 00:08:19]} 12. Nf3 {[%clk 01:13:13]} {[%emt 00:01:42]} O-O {[%clk
00:48:57]} {[%emt 00:07:24]} 13. h3 {[%clk 01:08:11]} {[%emt 00:05:31]} Nb6
{[%clk 00:44:35]} {[%emt 00:04:52]} 14. Rhg1 {[%clk 01:07:12]} {[%emt
00:01:29]} Be6 {[%clk 00:42:12]} {[%emt 00:02:54]} 15. Na4 {[%clk 01:01:42]}
{[%emt 00:05:59]} Nxa4 {[%clk 00:36:24]} {[%emt 00:06:18]} 16. Qxa4 {[%clk
01:02:01]} {[%emt 00:00:11]} Qd7 {[%clk 00:32:16]} {[%emt 00:04:39]} 17. Qa3
{[%clk 01:00:43]} {[%emt 00:01:48]} Nc8 {[%clk 00:25:30]} {[%emt 00:07:16]} 18.
Kb1 {[%clk 00:58:01]} {[%emt 00:03:12]} a5 {[%clk 00:24:11]} {[%emt 00:01:49]}
19. Rc1 {[%clk 00:56:37]} {[%emt 00:01:54]} Re8 {[%clk 00:20:05]} {[%emt
00:04:36]} 20. Qc3 {[%clk 00:55:34]} {[%emt 00:01:33]} Nb6 {[%clk 00:16:13]}
{[%emt 00:04:22]} 21. Nd2 {[%clk 00:55:06]} {[%emt 00:00:57]} a4 {[%clk
00:13:43]} {[%emt 00:02:59]} 22. Be2 {[%clk 00:54:34]} {[%emt 00:01:03]} Bf8
{[%clk 00:10:24]} {[%emt 00:03:50]} 23. g4 {[%clk 00:53:04]} {[%emt 00:02:00]}
a3 {[%clk 00:10:16]} {[%emt 00:00:38]} 24. b3 {[%clk 00:53:19]} {[%emt
00:00:15]} Be7 {[%clk 00:07:27]} {[%emt 00:03:18]} 25. Bxe7 {[%clk 00:53:26]}
{[%emt 00:00:24]} Qxe7 {[%clk 00:07:46]} {[%emt 00:00:11]} 26. Nf3 {[%clk
00:51:21]} {[%emt 00:02:33]} Nd7 {[%emt 00:04:46]} 27. Bd3 {[%clk 00:50:50]}
{[%emt 00:00:18]} Rf8 {[%clk 00:03:55]} {[%emt 00:00:49]} 28. Ng5 {[%clk
00:41:55]} {[%emt 00:09:26]} Kh8 {[%clk 00:03:26]} {[%emt 00:00:59]} 29. Nxe6
{[%clk 00:41:59]} {[%emt 00:00:26]} Qxe6 {[%clk 00:03:49]} {[%emt 00:00:07]}
30. gxf5 {[%clk 00:41:22]} {[%emt 00:01:07]} Rxf5 {[%clk 00:03:37]} {[%emt
00:00:42]} 31. Bxf5 {[%clk 00:41:31]} {[%emt 00:00:21]} Qxf5+ {[%clk 00:04:03]}
{[%emt 00:00:03]} 32. Ka1 {[%clk 00:41:23]} {[%emt 00:00:38]} Qxf4 {[%clk
00:04:30]} {[%emt 00:00:04]} 33. Rgf1 {[%clk 00:41:28]} {[%emt 00:00:24]} Qg5
{[%clk 00:01:32]} {[%emt 00:03:28]} 34. Rf7 {[%clk 00:40:49]} {[%emt 00:01:09]}
Rf8 {[%clk 00:01:23]} {[%emt 00:00:39]} 35. Rxf8+ {[%clk 00:39:10]} {[%emt
00:02:09]} Nxf8 {[%clk 00:01:48]} {[%emt 00:00:06]} 36. Re1 {[%clk 00:37:46]}
{[%emt 00:01:54]} Ne6 {[%clk 00:01:27]} {[%emt 00:00:51]} 37. b4 {[%clk
00:28:38]} {[%emt 00:09:38]} Qh4 {[%clk 00:01:12]} {[%emt 00:00:44]} 38. Rf1
{[%clk 00:24:37]} {[%emt 00:04:32]} Qe4 {[%clk 00:00:46]} {[%emt 00:00:56]} 39.
Qxa3 {[%clk 00:22:55]} {[%emt 00:02:12]} Qxd4+ {[%clk 00:01:12]} {[%emt
00:00:03]} 40. Qb2 {[%clk 00:23:03]} {[%emt 00:00:22]} Qe4 {[%clk 00:01:09]}
{[%emt 00:00:33]} 41. Rc1 {[%clk 00:21:09]} {[%emt 00:02:24]} Nd4 {[%clk
00:00:44]} {[%emt 00:00:56]} 42. e6 {[%clk 00:20:48]} {[%emt 00:00:51]} Kg8
{[%clk 00:29:58]} {[%emt 00:01:16]} 43. e7 {[%clk 00:50:03]} {[%emt 00:01:15]}
Nf5 {[%clk 00:25:28]} {[%emt 00:05:00]} 44. b5 {[%clk 00:44:35]} {[%emt
00:05:58]} Nxe7 {[%clk 00:23:46]} {[%emt 00:02:12]} 45. bxc6 {[%clk 00:44:46]}
{[%emt 00:00:19]} bxc6 {[%clk 00:23:52]} {[%emt 00:00:24]} 46. Rf1 {[%clk
00:44:34]} {[%emt 00:00:41]} Nf5 {[%clk 00:21:16]} {[%emt 00:03:06]} 47. Qf6
{[%clk 00:39:19]} {[%emt 00:05:43]} Qd4+ {[%clk 00:10:20]} {[%emt 00:11:28]}
48. Qxd4 {[%clk 00:39:42]} {[%emt 00:00:07]} Nxd4 {[%clk 00:10:16]} {[%emt
00:00:35]} 49. Kb2 {[%clk 00:39:44]} {[%emt 00:00:28]} g5 {[%clk 00:05:07]}
{[%emt 00:05:39]} 50. a4 {[%clk 00:39:23]} {[%emt 00:00:51]} h5 {[%clk
00:04:49]} {[%emt 00:00:47]} 51. a5 {[%clk 00:39:41]} {[%emt 00:00:12]} g4
{[%clk 00:04:35]} {[%emt 00:00:45]} 52. hxg4 {[%clk 00:38:48]} {[%emt
00:01:23]} hxg4 {[%clk 00:04:58]} {[%emt 00:00:07]} 53. Rf4 {[%clk 00:38:43]}
{[%emt 00:00:34]} Nb5 {[%clk 00:02:55]} {[%emt 00:02:33]} 54. Rxg4+ {[%clk
00:38:44]} {[%emt 00:00:29]} Kf7 {[%clk 00:03:18]} {[%emt 00:00:07]} 55. Rb4
{[%clk 00:38:50]} {[%emt 00:00:25]} Nd6 {[%clk 00:00:58]} {[%emt 00:02:50]} 56.
a6 {[%clk 00:39:05]} {[%emt 00:00:14]} Nc8 {[%clk 00:01:12]} {[%emt 00:00:17]}
57. Rb8 {[%clk 00:39:28]} {[%emt 00:00:06]} d4 {[%clk 00:00:41]} {[%emt
00:01:02]} 58. Rxc8 {[%clk 00:39:41]} {[%emt 00:00:17]} d3 {[%clk 00:01:00]}
{[%emt 00:00:10]} 59. a7 {[%clk 00:40:04]} {[%emt 00:00:08]} d2 {[%clk
00:01:16]} {[%emt 00:00:13]} 60. Kc2 {[%clk 00:40:28]} {[%emt 00:00:06]} 1-0

[Event "DEM U14 2025"]
[Site "Willingen GER"]
[Date "2025.06.12"]
[Round "7"]
[White "Lücke, Julius"]
[Black "Böhler, Yannic"]
[Result "1/2-1/2"]
[Termination "normal"]
[Board "11"]
[WhiteElo "1749"]
[BlackElo "1711"]
[WhiteClock "00:46:15"]
[BlackClock "00:09:17"]
[PlyCount "62"]
[WhiteFideId "34674977"]
[BlackFideId "34609059"]
[EventCountry "GER"]
[EventRounds "9"]
[EventType "swiss"]
[EventDate "2025.06.07"]

1. d4 {[%clk 01:30:56]} {[%emt 00:00:04]} Nf6 {[%clk 01:30:59]} 2. c4 {[%clk
01:31:17]} {[%emt 00:00:09]} g6 {[%clk 01:31:27]} {[%emt 00:00:02]} 3. Nc3
{[%clk 01:31:38]} {[%emt 00:00:08]} Bg7 {[%clk 01:31:55]} {[%emt 00:00:02]} 4.
e4 {[%clk 01:31:56]} {[%emt 00:00:12]} d6 {[%clk 01:32:22]} {[%emt 00:00:03]}
5. f4 {[%clk 01:32:19]} {[%emt 00:00:07]} O-O {[%clk 01:32:30]} {[%emt
00:00:21]} 6. Nf3 {[%clk 01:32:44]} {[%emt 00:00:06]} c5 {[%clk 01:32:55]}
{[%emt 00:00:05]} 7. d5 {[%clk 01:33:07]} {[%emt 00:00:07]} e6 {[%clk
01:33:23]} {[%emt 00:00:03]} 8. Be2 {[%clk 01:33:29]} {[%emt 00:00:07]} exd5
{[%clk 01:33:47]} {[%emt 00:00:07]} 9. cxd5 {[%clk 01:33:52]} {[%emt 00:00:07]}
b5 {[%clk 01:33:14]} {[%emt 00:01:03]} 10. e5 {[%clk 01:33:47]} {[%emt
00:00:34]} dxe5 {[%clk 01:31:41]} {[%emt 00:02:04]} 11. fxe5 {[%clk 01:34:08]}
{[%emt 00:00:08]} Ng4 {[%clk 01:32:05]} {[%emt 00:00:06]} 12. Bg5 {[%clk
01:32:53]} {[%emt 00:01:46]} Qb6 {[%clk 01:32:33]} {[%emt 00:00:02]} 13. O-O
{[%clk 01:33:02]} {[%emt 00:00:20]} c4+ {[%clk 01:33:01]} {[%emt 00:00:02]} 14.
Kh1 {[%clk 01:33:22]} {[%emt 00:00:10]} Nd7 {[%clk 01:32:34]} {[%emt 00:00:58]}
15. e6 {[%clk 01:33:05]} {[%emt 00:00:47]} fxe6 {[%clk 01:31:23]} {[%emt
00:01:41]} 16. dxe6 {[%clk 01:33:28]} {[%emt 00:00:07]} Qxe6 {[%clk 01:01:57]}
{[%emt 00:29:55]} 17. Nxb5 {[%clk 01:31:26]} {[%emt 00:02:32]} Qc6 {[%clk
00:44:30]} {[%emt 00:17:57]} 18. Nfd4 {[%clk 01:17:14]} {[%emt 00:14:42]} Rxf1+
{[%clk 00:44:34]} {[%emt 00:00:26]} 19. Qxf1 {[%clk 01:17:24]} {[%emt
00:00:20]} Qc5 {[%clk 00:41:22]} {[%emt 00:03:43]} 20. Bxg4 {[%clk 01:09:05]}
{[%emt 00:08:49]} Qxg5 {[%clk 00:35:48]} {[%emt 00:06:03]} 21. Qxc4+ {[%clk
00:57:57]} {[%emt 00:11:38]} Kh8 {[%clk 00:34:36]} {[%emt 00:01:42]} 22. Nd6
{[%clk 00:57:49]} {[%emt 00:00:39]} Ne5 {[%clk 00:30:37]} {[%emt 00:04:28]} 23.
Qd5 {[%clk 00:53:45]} {[%emt 00:04:35]} Qxg4 {[%clk 00:15:33]} {[%emt
00:15:33]} 24. Qxa8 {[%clk 00:53:27]} {[%emt 00:00:48]} Nd3 {[%clk 00:15:28]}
{[%emt 00:00:36]} 25. Qxc8+ {[%clk 00:48:51]} {[%emt 00:05:05]} Qxc8 {[%clk
00:15:55]} {[%emt 00:00:03]} 26. Nxc8 {[%clk 00:49:13]} {[%emt 00:00:08]} Bxd4
{[%clk 00:16:01]} {[%emt 00:00:24]} 27. Nd6 {[%clk 00:48:30]} {[%emt 00:01:13]}
Nf2+ {[%clk 00:16:09]} {[%emt 00:00:22]} 28. Kg1 {[%clk 00:48:38]} {[%emt
00:00:23]} Ne4+ {[%clk 00:16:37]} {[%emt 00:00:02]} 29. Kf1 {[%clk 00:48:31]}
{[%emt 00:00:36]} Nxd6 {[%clk 00:17:05]} {[%emt 00:00:02]} 30. Rd1 {[%clk
00:47:44]} {[%emt 00:01:17]} Nf5 {[%clk 00:16:37]} {[%emt 00:00:58]} 31. Ke2
{[%clk 00:46:15]} {[%emt 00:01:59]} Bxb2 {[%clk 00:09:17]} {[%emt 00:07:50]}
1/2-1/2

[Event "DEM U14 2025"]
[Site "Willingen GER"]
[Date "2025.06.12"]
[Round "7"]
[White "Polzin, Gustav"]
[Black "Kovalskyy, Alicia"]
[Result "1-0"]
[Termination "normal"]
[Board "12"]
[WhiteElo "2075"]
[BlackElo "1924"]
[WhiteClock "00:19:21"]
[BlackClock "00:05:10"]
[PlyCount "57"]
[WhiteFideId "34603280"]
[BlackFideId "34612130"]
[EventCountry "GER"]
[EventRounds "9"]
[EventType "swiss"]
[EventDate "2025.06.07"]

1. e4 {[%clk 01:30:57]} {[%emt 00:00:02]} e5 {[%clk 01:30:58]} {[%emt
00:00:03]} 2. Bc4 {[%clk 01:31:23]} {[%emt 00:00:04]} Nc6 {[%clk 01:30:41]}
{[%emt 00:00:47]} 3. Nc3 {[%clk 01:31:35]} {[%emt 00:00:18]} Nf6 {[%clk
01:30:26]} {[%emt 00:00:44]} 4. d3 {[%clk 01:32:03]} {[%emt 00:00:03]} Bc5
{[%clk 01:28:08]} {[%emt 00:02:47]} 5. h3 {[%clk 01:32:26]} {[%emt 00:00:07]}
d6 {[%clk 01:27:55]} {[%emt 00:00:43]} 6. Nge2 {[%clk 01:32:31]} {[%emt
00:00:25]} Be6 {[%clk 01:26:57]} {[%emt 00:01:29]} 7. O-O {[%clk 01:31:18]}
{[%emt 00:01:42]} h6 {[%clk 01:26:53]} {[%emt 00:00:34]} 8. Be3 {[%clk
01:31:36]} {[%emt 00:00:12]} Bxe3 {[%clk 01:23:37]} {[%emt 00:03:46]} 9. fxe3
{[%clk 01:32:04]} {[%emt 00:00:02]} Ne7 {[%clk 01:20:34]} {[%emt 00:03:33]} 10.
Ng3 {[%clk 01:27:41]} {[%emt 00:04:54]} c6 {[%clk 01:18:31]} {[%emt 00:02:33]}
11. Qe2 {[%clk 01:23:37]} {[%emt 00:04:34]} d5 {[%clk 01:13:19]} {[%emt
00:05:42]} 12. Bb3 {[%clk 01:16:34]} {[%emt 00:07:32]} Ng6 {[%clk 01:07:21]}
{[%emt 00:06:28]} 13. Rf2 {[%clk 01:04:42]} {[%emt 00:12:22]} O-O {[%clk
00:50:34]} {[%emt 00:17:16]} 14. Raf1 {[%clk 01:02:32]} {[%emt 00:02:41]} Nh7
{[%clk 00:48:30]} {[%emt 00:02:34]} 15. Qh5 {[%clk 00:56:17]} {[%emt 00:06:46]}
Qd7 {[%clk 00:32:58]} {[%emt 00:16:01]} 16. Nce2 {[%clk 00:51:39]} {[%emt
00:05:08]} Ng5 {[%clk 00:28:41]} {[%emt 00:04:48]} 17. Nf5 {[%clk 00:36:36]}
{[%emt 00:15:33]} dxe4 {[%clk 00:19:54]} {[%emt 00:09:16]} 18. Neg3 {[%clk
00:34:25]} {[%emt 00:02:41]} Bxb3 {[%clk 00:13:09]} {[%emt 00:07:15]} 19. axb3
{[%clk 00:32:51]} {[%emt 00:02:04]} exd3 {[%clk 00:12:11]} {[%emt 00:01:28]}
20. Nxh6+ {[%clk 00:25:34]} {[%emt 00:07:47]} gxh6 {[%clk 00:12:28]} {[%emt
00:00:13]} 21. Qxh6 {[%clk 00:25:52]} {[%emt 00:00:12]} Nh7 {[%clk 00:05:22]}
{[%emt 00:07:36]} 22. Nh5 {[%clk 00:24:49]} {[%emt 00:01:33]} f5 {[%clk
00:05:40]} {[%emt 00:00:12]} 23. Qxg6+ {[%clk 00:25:01]} {[%emt 00:00:18]} Kh8
{[%clk 00:06:06]} {[%emt 00:00:04]} 24. cxd3 {[%clk 00:22:58]} {[%emt
00:02:33]} Rae8 {[%clk 00:06:20]} {[%emt 00:00:16]} 25. Rxf5 {[%clk 00:20:31]}
{[%emt 00:02:57]} Rg8 {[%clk 00:05:16]} {[%emt 00:01:34]} 26. Rf7 {[%clk
00:18:38]} {[%emt 00:02:23]} Rxg6 {[%clk 00:05:28]} {[%emt 00:00:17]} 27. Rxd7
{[%clk 00:19:07]} {[%emt 00:00:02]} Rg5 {[%clk 00:05:30]} {[%emt 00:00:28]} 28.
g4 {[%clk 00:19:27]} {[%emt 00:00:10]} e4 {[%clk 00:05:10]} {[%emt 00:00:50]}
29. Rff7 {[%clk 00:19:21]} {[%emt 00:00:36]} 1-0